Lí luận văn học

Saved in:
Bibliographic Details
Main Author: Hà Minh Đức (Chủ biên)
Other Authors: Phạm Thành Hưng (tác giả), Đỗ Văn Khang (tác giả)
Format: Book
Published: H. Giáo dục 1997
Edition:In lần thứ 4
Subjects:
Tags: Add Tag
No Tags, Be the first to tag this record!
Institutions: Trung tâm Học liệu Lê Vũ Hùng, Trường Đại học Đồng Tháp
LEADER 00863pam a22002538a 4500
001 00027580
005 20171026081025.0
008 111202s1997 ||||||Viesd
041 0 # |a Vie 
082 1 4 |a 801  |b L300L 
100 0 # |a Hà Minh Đức  |e Chủ biên 
245 0 0 |a Lí luận văn học  |c Hà Minh Đức, Đỗ Văn Khang, Phạm Thành Hưng 
250 # # |a In lần thứ 4  |b có sửa chữa, bổ sung 
260 # # |a H.  |b Giáo dục  |c 1997 
300 # # |a 326tr.  |c 21 cm. 
650 # 4 |a Lí luận văn học 
653 # # |a Giáo trình 
700 0 # |a Phạm Thành Hưng  |e tác giả 
700 0 # |a Đỗ Văn Khang  |e tác giả 
852 # # |b Kho mượn  |j KM.0000372 
852 # # |j KM.0000372 
910 0 # |d 02/12/2011 
980 # # |a Trung tâm Học liệu Lê Vũ Hùng, Trường Đại học Đồng Tháp